| 000 | 00726nam a2200229 a 4500 | ||
|---|---|---|---|
| 001 | 1371 | ||
| 003 | CDMR | ||
| 005 | 20131115124025.0 | ||
| 008 | 130130s2010||||sp |||||||||||||||||spa|d | ||
| 020 | _a9788434469235 | ||
| 040 |
_aCDMR _bcat _cCPC LLEIDA |
||
| 100 | 1 |
_93230 _aOtte, Max |
|
| 245 | 1 |
_aEl crash de la información _b: [los mecanismos de la desinformación cotidiana] _cMax Otte ; traducción de Juanmari Madariaga |
|
| 260 |
_aBarcelona _bAriel _c2010 |
||
| 300 | _a347 p. | ||
| 490 | 0 |
_aAriel Actual _v1 |
|
| 650 | 0 | 4 |
_93136 _aGestió de la informació |
| 650 | 0 | 4 |
_9983 _aÈtica periodística |
| 650 | 0 | 4 |
_94286 _aDesinformació |
| 650 | 0 | 4 |
_93243 _aMitjans de comunicació de massa _xManipulació |
| 942 |
_cMON _2udc |
||
| 999 |
_c1371 _d1371 |
||